Science Quiz

Random Science or Alphabet Quiz

Element Symbols A-Z Quiz Stats

 Plays Quiz Updated Nov 30, 2016

     
Support Sporcle.
Go Orange.
Score 0/24 Timer 03:00
2 Plays Today
Letter Sample Element % Correct
CCarbon
98.1%
AActinium
96.3%
BBoron
96.1%
HHydrogen
91.2%
OOxygen
89%
NNitrogen
88.3%
IIodine
85.1%
KPotassium
83.4%
FFluorine
82.2%
MMendelevium
81.5%
SSulfur
81.1%
PPhosphorus
80.3%
Letter Sample Element % Correct
RRadium
80.3%
LLanthanum
77.7%
UUranium
76.7%
XXenon
70.8%
TTantalum
66.8%
EErbium
66.2%
ZZinc
64%
GGallium
63.4%
YYttrium
57.9%
WTungsten
53.2%
VVanadium
51.6%
DDubnium
33.6%

From the Vault

Artwork A-Z

by SporcleEXP

History 10m
We'll take 1 art please!
Remove Ads.
Support Sporcle.
Get the best of Sporcle when you Go Orange. This ad-free experience offers more features, more stats, and more fun while also helping to support Sporcle. Thank you for becoming a member.

Show Comments

Extras

Top Quizzes Today


Score Distribution

Your Account Isn't Verified!

In order to create a playlist on Sporcle, you need to verify the email address you used during registration. Go to your Sporcle Settings to finish the process.

Report this User

Report this user for behavior that violates our Community Guidelines.

Details: